|
|
|
|
| LEADER |
00000nab a2200000 a 4500 |
| 001 |
vtls000179323 |
| 003 |
SK-MaSNL |
| 005 |
20260304061710.0 |
| 008 |
250422c1984 xo 0 slo |
| 015 |
|
|
|a SNBRB19rr/mm-uuuuu
|
| 035 |
|
|
|a CL0189436
|
| 035 |
|
|
|a urn:nbn:sk:snk-ab4rh
|
| 035 |
|
|
|a (urnnbn)urn:nbn:sk:snk:ar-0053ap
|
| 035 |
|
|
|a (uuid)84ca6cb0-520c-4b1a-baf2-36f419d01ba1
|
| 040 |
|
|
|a SNKBUCL
|b slo
|c SNKBUCL
|e AACR2
|
| 041 |
0 |
|
|a slo
|
| 044 |
|
|
|a xo
|c SK
|
| 080 |
|
|
|a 72.067.26
|2 1981
|
| 100 |
1 |
|
|a I.T.
|4 aut
|9 941458
|
| 245 |
1 |
0 |
|a Pohľady na ľudovú architektúru
|c I.T.
|
| 650 |
0 |
7 |
|a ľudová architektúra
|2 snkbucl
|9 2956
|
| 655 |
|
7 |
|a články z novín a časopisov
|2 snkbucl
|9 267496
|
| 773 |
0 |
|
|t Výtvarný život
|g Roč. 29, č. 4 (1984), s. 44
|
| 787 |
0 |
8 |
|i Rec.:
|a Frolec, Václav
|t Lidová stavební architektura
|d Brno : Blok, 1981
|
| 850 |
|
|
|a Slovenská národná knižnica
|
| 852 |
|
|
|a Slovenská národná knižnica
|
| 954 |
|
|
|a odborná, vedecká literatúra pôvodná (slovenská)
|2 lita
|
| 958 |
|
|
|a article27
|
| 958 |
|
|
|a RK
|
| 958 |
|
|
|a CZ
|
| 958 |
|
|
|a OND
|
| 958 |
|
|
|a EUIPO
|
| 992 |
|
|
|a RBX
|
| 999 |
|
|
|c 2734413
|d 2736343
|